000 00361 a2200145 4500
040 _aDLC
_bDLC
082 _a891.4391
100 _aAzia Ejaz
245 _aSaaray mosam teray naam
_cAzia Ejaz
260 _aLahore:
_bClassic,
_c2002.
300 _a160 p. ;
_c22 cm.
500 _aIncludes Index
650 _aUrdu Literature--Poetry
942 _cBK
_k891.4391 AZI
_2ddc
999 _c5078
_d5078